|
|
|
|
| LEADER |
00000nam0a2200000 4500 |
| 001 |
188893 |
| 005 |
20231214153025.0 |
| 035 |
|
|
|a (RuTPU)RU\TPU\book\205187
|
| 090 |
|
|
|a 188893
|
| 100 |
|
|
|a 20101215d2010 k y0rusy50 ca
|
| 101 |
0 |
|
|a rus
|
| 102 |
|
|
|a RU
|
| 105 |
|
|
|a a dm 001zy
|
| 200 |
1 |
|
|a Разработка системы измерения электромагнитных параметров материаловедческого токамака ктм
|e автореферат диссертации на соискание ученой степени кандидата технических наук
|e спец. 05.13.06
|f А. В. Обходский
|g Национальный исследовательский Томский политехнический университет (ТПУ) ; науч. рук. В. М. Павлов
|
| 210 |
|
|
|a Томск
|d 2010
|
| 215 |
|
|
|a 22 с.
|c ил.
|
| 300 |
|
|
|a Защита сост. 13.12.2010 г.
|
| 320 |
|
|
|a Библиогр.: с. 20-21 (11 назв.).
|
| 452 |
|
1 |
|0 (RuTPU)RU\TPU\book\203228
|t Разработка системы измерения электромагнитныхпараметров материаловедческого токамака КТМ
|o автореферат диссертации на соискание ученой степени кандидата технических наук
|o спец. 05.13.06
|f А. В. Обходский
|g Национальный исследовательский Томский политехнический университет (ТПУ) ; науч. рук. В. М. Павлов
|c Томск
|d 2010
|a Обходский, Артем Викторович
|
| 606 |
1 |
|
|a Токамаки
|2 stltpush
|3 (RuTPU)RU\TPU\subj\60776
|9 77999
|
| 610 |
1 |
|
|a измерительные системы
|
| 610 |
1 |
|
|a обобщенная структура
|
| 610 |
1 |
|
|a электромагнитные параметры
|
| 610 |
1 |
|
|a Токамаки
|
| 610 |
1 |
|
|a измерение
|
| 610 |
1 |
|
|a синтез
|
| 610 |
1 |
|
|a системы измерения
|
| 610 |
1 |
|
|a программно-аппаратные средства
|
| 610 |
1 |
|
|a опытные образцы
|
| 610 |
1 |
|
|a испытание
|
| 610 |
1 |
|
|a экспериментальные исследования
|
| 610 |
1 |
|
|a авторефераты диссертаций
|
| 610 |
1 |
|
|a труды учёных ТПУ
|
| 675 |
|
|
|a 621.039.62(04)
|v 3
|
| 686 |
|
|
|a 05.13.06
|2 oksvnk
|
| 700 |
|
1 |
|a Обходский
|b А. В.
|c специалист в области атомной энергетики
|c ассистент кафедры электроники и автоматики физических установок Томского политехнического университета
|g Артем Викторович
|3 (RuTPU)RU\TPU\pers\27571
|
| 702 |
|
1 |
|a Павлов
|b В. М.
|c специалист в области автоматики и электроники
|c доцент Томского политехнического университета, кандидат технических наук
|f 1965-
|g Вадим Михайлович
|3 (RuTPU)RU\TPU\pers\25738
|4 727
|9 11640
|
| 712 |
0 |
2 |
|a Национальный исследовательский Томский политехнический университет (ТПУ)
|c (2009- )
|3 (RuTPU)RU\TPU\col\15902
|
| 801 |
|
1 |
|a RU
|b 63413507
|c 20101215
|
| 801 |
|
2 |
|a RU
|b 63413507
|c 20141202
|g RCR
|
| 942 |
|
|
|c BK
|